000 00505nam a2200181Ia 4500
001 4712
005 20260306145815.0
008 260306t2008||||xx |||||||||||||| ||spa||
041 _aESP
082 _a330.1
_bE21
100 _aCañibaño Sánchez, Carolina (coord.)
_eAUT
245 0 _aEconomía del conocimiento y la innovación:
_bnuevas aproximaxiones a una relación compleja
260 _c2008
300 _a367 páginas :
_c24 cm.
650 _aGEN
654 _aCAN
942 _cLIB
_dJUS
_fJUS
_2ddc
_n
999 _c4712
_d4712